Elementárne častice

Bibliographic Details
Main Author: Houellebecq, Michel, 1956- (Author)
Other Authors: Ostrihoňová, Aňa, 1980- (Translator), Bilý, Peter, 1978- (Translator), Švantner, Ján, 1949- (Translator)
Format: Book
Language:Slovak
French
PhysicalDescription:237 s. 21 cm
Published: V Bratislave Inaque 2017
ISBN:9788089737727
Series:Apostrof
Subjects:

MARC

LEADER 00000cam a2200000 a 4500
001 vtls011726715
003 SK-MaSNL
005 20260301142547.0
008 240318s2017 xo g 000 f slo
015 |a SNBA2018/01 
020 |a 9788089737727  |q (viaz.) 
035 |a urn:nbn:sk:snk-am00dhil 
035 |a urn:nbn:sk:snk-am3i2gc 
035 |a FC784A2E-6EEF-4696-B001-9D25AA6C3A2D 
040 |a SNK  |b slo  |c SNK  |e AACR2 
041 1 |a slo  |h fre 
044 |a xo  |c SK 
072 7 |a 821.133.1-3  |x Francúzska próza, francúzsky písaná  |2 konspekt 
080 |a 821.133.1-31  |2 2011 
080 |a (0:82-31)  |2 2011 
100 1 |a Houellebecq, Michel,  |d 1956-  |4 aut  |9 190132 
240 1 4 |a Les particules élémentaires  |l Slovensky 
245 1 0 |a Elementárne častice  |c Michel Houellebecq ; z francúzskeho originálu preložila Aňa Ostrihoňová ; [básne preložil Peter Bilý ; preklad Baudelairovej básne na strane 145 Ján Švantner] 
260 |a V Bratislave  |b Inaque  |c 2017 
300 |a 237 s.  |c 21 cm 
490 1 |a Apostrof  |v zv. 1 
655 7 |a francúzske romány  |2 SNKPH  |9 70252 
655 7 |a French fiction  |2 SNKPHeng  |9 276886 
700 1 |a Ostrihoňová, Aňa,  |d 1980-  |4 trl  |9 132099 
700 1 |a Bilý, Peter,  |d 1978-  |4 trl  |9 88493 
700 1 |a Švantner, Ján,  |d 1949-  |4 trl  |9 93615 
752 |a Slovensko  |d Bratislava 
830 0 |a Apostrof  |9 330703 
852 |a Štátna vedecká knižnica v Banskej Bystrici 
919 |a 978-80-89737-72-7 
958 |a LX 
958 |a UP 
968 |b FR 
999 |c 770656  |d 772586 
952 |a SNK  |b SNK  |y PREZ  |7 0  |p 17A1306405  |o snkSC 177382  |i snk2017/27914  |8 0  |0 0  |1 0  |4 0  |d 2017-12-15  |f 1  |l 0  |r 2025-09-18 00:00:00  |w 2026-02-24 
952 |a SNK  |b SNK  |y PREZ  |7 0  |p 17A1306406  |o snkSC 177382 D1  |i snk2017/27915  |8 0  |0 0  |1 0  |4 0  |d 2017-12-15  |l 0  |r 2026-02-24 00:33:38  |w 2026-02-24